The Planner the newsletter for the AICPA Personal Financial Planning Division.

Detalles Bibliográficos
Autor Corporativo: American Institute of Certified Public Accountants. Personal Financial Planning Division
Formato: Electrónico Revista
Lenguaje:inglés
Publicado: [New York, N.Y.] : The Division
Materias:
Acceso en línea:Full text available from Research Library: 04/01/1992 to 05/31/2014

MARC

LEADER 00000nas a22000007a 4500
001 ssj0012661
003 WaSeSS
005 20200512172242.0
006 m d
007 cr n
008 870828c198u9999nyubr p s 0 a0eng d
010 |a sn 87008628  
022 |l 0895-3570  |y 0895-3570 
035 |a (WaSeSS)ssj0012661 
037 |b AICPA Personal Financial Planning Division, 1211 Avenue of the Americas, New York, NY 10036-8775 
040 |a NSD  |b eng  |c NSD  |d OCLCQ  |d OCLCO  |d WaSeSS 
042 |a nsdp 
050 4 |a KF6296.A15  |b P53 
082 1 |a 332  |2 11 
130 0 |a Planner (New York, N.Y.) 
210 0 |a Planner  |b (N.Y.N.Y.) 
222 4 |a The Planner  |b (New York, N.Y.) 
245 1 4 |a The Planner  |h [electronic resource] :  |b the newsletter for the AICPA Personal Financial Planning Division. 
260 |a [New York, N.Y.] :  |b The Division 
310 |a Bimonthly 
506 |a License restrictions may limit access. 
588 |a Description based on: Vol. 2, no. 2 (June/July 1987); title from caption. 
655 0 |a Electronic journals. 
710 2 |a American Institute of Certified Public Accountants.  |b Personal Financial Planning Division. 
856 4 0 |z Full text available from Research Library: 04/01/1992 to 05/31/2014  |u https://search.proquest.com/publication/31364